| 000 | | | 05352cbc2a2200000#x 450 |
| 001 | | | f5d2216a-a86f-4dc5-89c6-62fb7361e7a9 |
| 005 | | | 20240712160810.0 |
| 100 | ## | $a | 20160215l18431843k l0rusy0189 ca |
| 101 | 0# | $a | rus |
| 102 | ## | $a | RU |
| 200 | 1# | $a | Дело по отношению графа Блудова, с препровождением проекта об образовании Дагестанской области |
| | $j | 19-30 ноября 1843 г. |
| 251 | ## | $c | Дело |
| 300 | ## | $a | Рукописный текст. Чернила |
| 801 | #0 | $a | RU |
| | $b | РГИА |
| | $c | 20160215 |
| 801 | #1 | $a | RU |
| | $b | ГлавНИВЦ |
| | $c | 20160215 |
| | $2 | rusmarc |
| 801 | #2 | $a | RU |
| | $b | ПБ им. Б.Н. Ельцина |
| | $c | 20180712 |
| | $g | RCR |
| | $2 | rusmarc |
| 850 | ## | $a | Федеральное казенное учреждение "Российский государственный исторический архив" |
| 852 | ## | $a | РГИА |
| | $j | 244 |
| 937 | ## | $h | РГИА |
| | $d | 12197006 |
| | $a | ASBIBLIO_SCAN |
| 462 | #0 | $1 | 001e71f34c7-6ba6-4504-897e-253c950c25bd |
| | $1 | 2001 |
| | $a | 1841-1843 гг. Дела Департамента полиции исполнительной МВД за 1843 г. |
| | $v | Д. 244 |
| | $1 | 251 |
| | $c | Опись |
| | $1 | 852 |
| | $j | 8 |
| 461 | #0 | $1 | 0013e300ed0-cd39-49af-8489-5ba5b90fa401 |
| | $1 | 2001 |
| | $a | Департамент полиции исполнительной МВД |
| | $1 | 251 |
| | $c | Фонд |
| | $1 | 852 |
| | $j | 1286 |
| 215 | ## | $a | 19 листов |
| | $d | 36,5х26 см |
| 371 | ## | $a | Документ не является опубликованным и широко распространяемым |
| 105 | ## | $a | y### |
| 122 | 2# | $a | d18431119## |
| | $a | d18431130## |
| 035 | ## | $a | f5d2216a-a86f-4dc5-89c6-62fb7361e7a9 |
| 856 | ## | $u | http://readingroom.main.prlib.ru/item.aspx?id_node=n117254175&mode=full |
| 605 | ## | $2 | acquisition_Prlib |
| | $3 | LIBNET\UAF\0000059962 |
| | $a | Республика Дагестан: страницы истории |
| | $l | коллекция |
| 605 | ## | $2 | acquisition_Prlib |
| | $3 | DITM\AF\0000002775 |
| | $a | Власть |
| | $l | коллекция |
| 607 | ## | $2 | prlib_sh |
| | $3 | LIBNET\UAF\0000060647 |
| | $a | Дагестанская область |
| | $j | Архивные дела |
| 607 | ## | $2 | nlr_sh |
| | $3 | RU\NLR\AUTH\661370584 |
| | $a | Россия |
| | $j | Архивные дела |
| | $x | Административно-территориальное деление |
| | $x | История |
| 617 | ## | $2 | prlib_sh |
| | $b | Дагестан, Республика |
| 686 | ## | $2 | rubbk |
| | $a | 63.3(28-8Даг)52-1ю1 |
| | $v | LBC/M |
| 600 | #1 | $2 | nlr_sh |
| | $3 | RU\NLR\AUTH\661454532 |
| | $a | Блудов |
| | $b | Д.Н. |
| | $f | 1785 - 1864 |
| | $g | Дмитрий Николаевич |
| | $j | Архивные дела |